| 000 | 00923nam a2200289Ia 4500 | ||
|---|---|---|---|
| 003 | OSt | ||
| 005 | 20221005062046.0 | ||
| 006 | a|||||r|||| 00| 0 | ||
| 007 | ta | ||
| 008 | 221004b |||||||| |||| 00| 0 eng d | ||
| 020 |
_a9781138777217 (hbk) _cUKP 175.00 |
||
| 024 | _a41273 | ||
| 037 |
_b624, 24/01/2019, New India Book Agency _cTextual |
||
| 040 |
_aCRL _cCRL _beng |
||
| 041 |
_2eng _aeng |
||
| 082 | _a4:(S:55), Q8 | ||
| 100 |
_aSmith Clarissa Ed. _9466722 |
||
| 245 | 0 | _aRoutledge companion to media, sex and sexuality | |
| 260 |
_aLondon _bRoutledge UK _c2018 |
||
| 300 |
_a458p. _ccm. |
||
| 650 | _a PSYCHOLOGY | ||
| 650 | _aMASS MEDIA | ||
| 700 |
_a Attwood Feona Ed. _9466723 |
||
| 700 |
_a McNair Brian Ed. _9601426 |
||
| 942 |
_h4:(S:55), Q8 _cTEXL _2cc |
||
| 999 |
_c969147 _d969147 |
||